Online katalóg knižníc regiónu Turca

20 výnimočných dievčat, ktoré zmenili svet (Record no. 21454)

MARC details
000 -LEADER
fixed length control field 02563cam a2200673 4500
001 - CONTROL NUMBER
control field 21454
003 - CONTROL NUMBER IDENTIFIER
control field VRT
005 - DATE AND TIME OF LATEST TRANSACTION
control field 20260302123726.0
008 - FIXED-LENGTH DATA ELEMENTS--GENERAL INFORMATION
fixed length control field 210906s2018 xr af crhn 000 1cslo
015 ## - NATIONAL BIBLIOGRAPHY NUMBER
National bibliography number SNBZSA2021/05
020 ## - INTERNATIONAL STANDARD BOOK NUMBER
International Standard Book Number 9788025511022
Qualifying information (viazané)
035 ## - SYSTEM CONTROL NUMBER
System control number urn:nbn:sk:snk-am00fh61
035 ## - SYSTEM CONTROL NUMBER
System control number urn:nbn:sk:snk-am3iv1j
035 ## - SYSTEM CONTROL NUMBER
System control number 63276D10-E3CD-4A2B-A650-6555654DF920
039 #9 - LEVEL OF BIBLIOGRAPHIC CONTROL AND CODING DETAIL [OBSOLETE]
Level of rules in bibliographic description 202512171116
Level of effort used to assign nonsubject heading access points csnk01
Level of effort used to assign subject headings 202310261244
Level of effort used to assign classification AUTHORITY
Level of effort used to assign subject headings 202109061607
Level of effort used to assign classification VLOAD
Level of effort used to assign subject headings 202108271611
Level of effort used to assign classification VLOAD
040 ## - CATALOGING SOURCE
Original cataloging agency TTKJF
Language of cataloging slo
Transcribing agency TTKJF
Modifying agency SNK
Description conventions rda
041 1# - LANGUAGE CODE
Language code of text/sound track or separate title slo
Language code of intermediate translations cze
Language code of original ita
044 ## - COUNTRY OF PUBLISHING/PRODUCING ENTITY CODE
MARC country code xr
ISO country code CZ
072 #7 - SUBJECT CATEGORY CODE
Subject category code 929
Subject category code subdivision Biografie
Source konspekt
080 ## - UNIVERSAL DECIMAL CLASSIFICATION NUMBER
Universal Decimal Classification number 929-055.2
Edition identifier 2011
080 ## - UNIVERSAL DECIMAL CLASSIFICATION NUMBER
Universal Decimal Classification number 929-058.1
Edition identifier 2011
080 ## - UNIVERSAL DECIMAL CLASSIFICATION NUMBER
Universal Decimal Classification number (0:82-322.6)
Edition identifier 2011
080 ## - UNIVERSAL DECIMAL CLASSIFICATION NUMBER
Universal Decimal Classification number (092)
Edition identifier 2011
100 1# - MAIN ENTRY--PERSONAL NAME
Personal name Troiano, Rosalba
Relationship aut
245 10 - TITLE STATEMENT
Title 20 výnimočných dievčat, ktoré zmenili svet
Statement of responsibility, etc. text: Rosalba Troiano ; preklad: Jana Chrtianska
246 3# - VARYING FORM OF TITLE
Title proper/short title Dvadsať výnimočných dievčat, ktoré zmenili svet
250 ## - EDITION STATEMENT
Edition statement 1. vydanie
264 #1 - PRODUCTION, PUBLICATION, DISTRIBUTION, MANUFACTURE, AND COPYRIGHT NOTICE
Place of production, publication, distribution, manufacture Praha
Name of producer, publisher, distributor, manufacturer Rebo International
Date of production, publication, distribution, manufacture, or copyright notice 2018
300 ## - PHYSICAL DESCRIPTION
Extent 88 strán
Other physical details ilustrácie, ilustrované listy
Dimensions 27 cm
336 ## - CONTENT TYPE
Content type term text
Content type code txt
Source rdacontent
336 ## - CONTENT TYPE
Content type term statický obraz
Content type code sti
Source rdacontent
337 ## - MEDIA TYPE
Media type term bez média
Media type code n
Source rdamedia
338 ## - CARRIER TYPE
Carrier type term zväzok
Carrier type code nc
Source rdacarrier
490 1# - SERIES STATEMENT
Series statement Neobyčajné príbehy
500 ## - GENERAL NOTE
General note Jazyk originálu pravdepodobne taliančina
500 ## - GENERAL NOTE
General note Pravdepodobne preložené z českého prekladu talianskeho originálu
500 ## - GENERAL NOTE
General note Obsahuje biografické a profesijné údaje o autorkách ; chronologický prehľad
504 ## - BIBLIOGRAPHY, ETC. NOTE
Bibliography, etc. note Obsahuje bibliografiu na strane 87
648 #7 - SUBJECT ADDED ENTRY--CHRONOLOGICAL TERM
Chronological term 16.-21. storočie
Source of heading or term SNKPH
650 07 - SUBJECT ADDED ENTRY--TOPICAL TERM
Topical term or geographic name entry element významné ženy
Source of heading or term SNKPH
650 07 - SUBJECT ADDED ENTRY--TOPICAL TERM
Topical term or geographic name entry element osobnosti
Source of heading or term SNKPH
650 07 - SUBJECT ADDED ENTRY--TOPICAL TERM
Topical term or geographic name entry element Notable women
Source of heading or term SNKPHeng
650 07 - SUBJECT ADDED ENTRY--TOPICAL TERM
Topical term or geographic name entry element Celebrities
Source of heading or term SNKPHeng
655 #7 - INDEX TERM--GENRE/FORM
Genre/form data or focus term biografické príbehy
Source of term SNKPH
655 #7 - INDEX TERM--GENRE/FORM
Genre/form data or focus term biografie
Source of term SNKPH
655 #7 - INDEX TERM--GENRE/FORM
Genre/form data or focus term Biographical stories
Source of term SNKPHeng
655 #7 - INDEX TERM--GENRE/FORM
Genre/form data or focus term Biography
Source of term SNKPHeng
700 1# - ADDED ENTRY--PERSONAL NAME
Personal name Bursi, Simona
Relationship ill
700 1# - ADDED ENTRY--PERSONAL NAME
Personal name Gonano, Maria Ellena
Relationship ill
700 1# - ADDED ENTRY--PERSONAL NAME
Personal name Manfroi, Patrizia
Relationship ill
700 1# - ADDED ENTRY--PERSONAL NAME
Personal name Massari, Alida,
Dates associated with a name 1970-
Relationship ill
700 1# - ADDED ENTRY--PERSONAL NAME
Personal name Sighinolfi, Laura
Relationship ill
700 1# - ADDED ENTRY--PERSONAL NAME
Personal name Chrtianska, Jana
Relationship trl
830 #0 - SERIES ADDED ENTRY--UNIFORM TITLE
Uniform title Neobyčajné príbehy
942 ## - ADDED ENTRY ELEMENTS (KOHA)
Source of classification or shelving scheme Dewey Decimal Classification
Koha item type Krásna literatúra pre deti
Suppress in OPAC No
949 ## - LOCAL PROCESSING INFORMATION (OCLC)
6 273K0666662
a svkpoC 62124
b svkpo658537
p Dotlač 1. vydania 2020
949 ## - LOCAL PROCESSING INFORMATION (OCLC)
6 17A1446361
a snkSB 96242
b snk2021/84
o Vydavatelství a nakladatelství Aleš Čeněk27-ah/2Int. č. fa – 77/2019
p Dotlač 1. vydania 2019
s 6100:20210225
Holdings
Stav vyradenia Strata Poškodenie Spôsob nadobudnutia Domovská knižnica Aktuálna knižnica Dátum nadobudnutia Total checkouts Čiarový kód exemplára Date last seen Typ exemplára
      Dar Obecná knižnica Turčianska Štiavnička Obecná knižnica Turčianska Štiavnička 02.03.2026   4738000151 02.03.2026 Krásna literatúra pre deti
Projekt je podporený Slovenskou asociáciou knižníc
Prevádzkuje Turčianska knižnica Martin 2026